00518cam a22002171 4500001001300000003000400013005001700017008004100034010001700075035002000092040001800112042001200130050002200142100002100164245002100185260002700206300001900233500001800252500001300270999001700283sa 64003166 DLC20260227112015.0890713s1962 ii 000 1 malo  asa 64003166  a(OCoLC)20006611 aDLCcWaUdDLC apremarc00aPL4718.9.M283bE71 aMaratt, K. A. C.10aĒr̲r̲umīn. a[Kunnamkulam]c[1962?] a135 p.c19 cm. aIn Malayalam. aA novel. c57743d57743